000 01405nam a22003257a 4500
005 20120521113250.0
008 120521t xxu||||| |||| 00| 0 eng d
010 _aENG-105366
020 _a9788124605448
_c400.00
020 _a8124605440
_c400.00
035 _aEN-88899
037 _bDBAD/PUB
040 _aDPL
_bEng
082 _a784.1745095483
100 _947159
_aRajagopalan, L. S.
245 _aTemple musical instruments of Kerala /
_cby L.S. Rajagopalan ; edited by A. Purushothaman [and] A. Harindranath
260 _aNew Delhi
_bSangeet Natak Akademi and D.K. Printworld
_c2010
270 _a'Srikunj', F-52, Bali Nagar, Ramesh Nagar Metro Station
_bNew Delhi
_e110015
300 _axiii, 168 p. :
_c23cm(Hb)
_bill.
500 _aIncludes bibliographical references (p. [152]-154) and index.
546 _aIncludes verses in Sanskrit
_b(roman).
650 _aMusical instruments
_z India
_zKerala.
_947536
650 _aMusical instruments
_947539
_xReligious aspects
_xHinduism.
650 _aFolk music
_947540
_zIndia
_zKerala.
650 _aHindu temples
_947547
_zIndia
_zKerala.
700 _aPurushothaman, A.
_947548
700 _aHarindranath, A.
_947549
942 _2ddc
_cEN
_h784.1745095483
_mRAJ
999 _c66939
_d66939